Un altro sguardo = A different gaze : Gemma De Angelis Testa collection /

Bibliographic Details
Other Authors: Belli, Gabriella (Editor), De Angelis Testa, Gemma (Editor), Spanevello, Marta (Editor)
Format: Book
Language:Italian
English
Language Notes:Text in Italian with English translation.
Published: Milan-Italy : Mousse Publishing, 2025.
Edition:Prima edizione.
Subjects:

MARC

Tag First Indicator Second Indicator Subfields
LEADER 00000nam a2200000 i 4500
001 in00005695421
005 20260315044602.5
008 250528s2025 it a bc 000 0 ita d
040 |a C3L  |b eng  |e rda  |c C3L  |d OCLCO  |d OCLCL  |d OCLCO  |d YDX  |d OCLCQ 
020 |a 9788867496839 
020 |a 8867496832 
035 |a (OCoLC)1527908123 
041 1 |a ita  |a eng  |h ita 
043 |a e-it--- 
050 0 0 |a N6488.5.D39  |b A58 2025 
245 0 3 |a Un altro sguardo =  |b A different gaze : Gemma De Angelis Testa collection /  |c mostra e catalogo a cura di Gabriella Belli, Gemma De Angelis Testa, Marta Spanevello. 
246 3 1 |a Different gaze 
250 |a Prima edizione. 
264 1 |a Milan-Italy :  |b Mousse Publishing,  |c 2025. 
300 |a 48 pages, 32 unnumbered pages :  |b illustrations (chiefly color) ;  |c 24 cm 
336 |a text  |b txt  |2 rdacontent 
336 |a still image  |b sti  |2 rdacontent 
337 |a unmediated  |b n  |2 rdamedia 
338 |a volume  |b nc  |2 rdacarrier 
500 |a Catalog of an exhibition held at the Villa e Collezione Panza, Varese, Italy, April 11-October 12, 2025. 
546 |a Text in Italian with English translation. 
504 |a Includes bibliographical references. 
600 1 0 |a De Angelis Testa, Gemma  |x Art collections  |v Exhibitions. 
650 0 |a Art, Modern  |y 20th century  |v Exhibitions. 
650 0 |a Art, Modern  |y 21st century  |v Exhibitions. 
650 0 |a Art  |x Private collections  |z Italy  |v Exhibitions. 
650 6 |a Art  |y 20e siècle  |v Expositions. 
650 6 |a Art  |y 21e siècle  |v Expositions. 
700 1 |a Belli, Gabriella,  |e editor. 
700 1 |a De Angelis Testa, Gemma,  |e editor. 
700 1 |a Spanevello, Marta,  |e editor. 
710 2 |a Villa e collezione Panza (Museum : Varese, Italy),  |e host institution.  |1 https://id.oclc.org/worldcat/entity/E39QH7JmqGYFwKhtGgTRkKXCp6 
852 8 |b POD  |z This title is available for the library to purchase for your use. Click the "Purchase It For Me" button to place a request. This item will take 5-10 business days to arrive. 
955 |a Print PDA title 
961 |m 565730 
999 f f |i 739ba594-4324-4b33-8de2-8c38b53e4735  |s ba54abb7-e88a-480b-9827-141f8bebfbea  |t 0 
952 f f |a Texas A&M University  |b College Station  |c Sterling C. Evans Library  |s Evans POD  |d Purchase on Demand  |t 0  |e N6488.5.D39 A58 2025  |h Library of Congress classification 
998 f f |a N6488.5.D39 A58 2025  |t 0  |l Purchase on Demand